000 01190nam a2200313 i 4500
003 EG-GICUC
005 20260212144846.0
008 260212s19311349ua ||||fr|||| 00| 0 ara d
040 _a EG-GICUC
_bara
_c EG-GICUC
_d EG-GICUC
_erda
041 _aara
082 0 4 _221
_a343
_bج ن . م
092 0 4 _221
099 _aLaw1 10 343 ج ن . م 1 ed - 1931
100 0 _aجندى عبد الملك بك
_eمؤلف.
245 1 2 _aالموسوعة الجنائية.
_cتأليف جندى عبد الملك بك.
_nالجزء الأول،
_pإتجار - اشتراك /
250 _aالطبعة الأولى
264 1 _aالقاهرة :
_bمطبعة دار الكتب المصرية بالقاهرة،
_c1931.
300 _a757 صفحة ;
_c24 سم.
336 _2rda content
_atext
337 _2rda media
_aComputer
338 _2rda carrier
_aOnline Resource
504 _aيشتمل على إرجاعات ببليوجرافية.
546 _aالنص باللغة العربية
650 1 _aالقانون الجنائي
650 1 _aالعلوم الجنائية
856 4 0 _uhttps://fll.law.cu.edu.eg/fulltext/bks/B10-08463.pdf
905 _a43
942 _2ddc
_n0
_cBK
_e21
999 _c62810
_d62810